000 00324cam a22001217a 4500
008 180718b1893 xxu||||| |||| 00| 0 eng d
082 _aA6x54 R861/T361
100 _aTemple, Richard
245 _aJames Thompson
_cby Richard Temple
260 _aOxford
_bClarendon Press
_c1893
300 _a215+p.
650 _aThompson family
999 _c438138
_d438138